| 000 | 00323nam a2200109Ia 4500 | ||
|---|---|---|---|
| 008 | 230320s9999||||xx |||||||||||||| ||spa|| | ||
| 082 | _a268/C74.3 | ||
| 100 | _aConsorcio De C.E. Católicos | ||
| 245 | 0 | _aIii Convención Nacional Educacional De Colegios Católicos | |
| 260 | _bConsorcio de C.E. Católicos | ||
| 942 |
_80 _cLIB |
||
| 999 |
_c27858 _d27858 |
||